Vzory pri tvorbe aplikácií v jazyku Elm
Salvato in:
| Autore principale: | |
|---|---|
| Altri autori: | |
| Natura: | Manoscritto Libro |
| Lingua: | slovacco |
| Pubblicazione: |
2023
|
| Soggetti: | |
| Accesso online: | http://is.stuba.sk/zp/portal_zp.pl?podrobnosti=169875 |
| Tags: |
Nessun Tag, puoi essere il primo ad aggiungerne!!
|
MARC
| LEADER | 00000ntm a22000003a 4500 | ||
|---|---|---|---|
| 001 | stuzp94927 | ||
| 003 | SK-STU | ||
| 005 | 20230909223555.5 | ||
| 007 | ta | ||
| 008 | 150427s2015----xo-----f-mn---000-0-slo-d | ||
| 040 | |a STU |b slo | ||
| 041 | 0 | |a slo | |
| 100 | 1 | |a Víťaz, Marek |u 070200 |4 aut |U FIIT Fakulta informatiky a informačných technológií |T FIIT Ústav informatiky, informačných systémov a softvérového inžinierstva |X 97103 |U I200 |Y 179 |7 97103 | |
| 242 | 0 | 1 | |a Patterns in Application Development in the Elm Language |y eng |
| 245 | 1 | 0 | |a Vzory pri tvorbe aplikácií v jazyku Elm |
| 260 | |c 2023 | ||
| 650 | 4 | |a funkcionálne programovanie |2 slo | |
| 650 | 4 | |a Elm |2 slo | |
| 650 | 4 | |a vzory |2 slo | |
| 650 | 4 | |a functional programming |2 eng | |
| 650 | 4 | |a Elm |2 eng | |
| 650 | 4 | |a patterns |2 eng | |
| 700 | 1 | |a Kapustík, Ivan |u 070200 |k Z1 |4 ths |U FIIT Fakulta informatiky a informačných technológií |T FIIT Ústav informatiky, informačných systémov a softvérového inžinierstva |X 111 |U I200 |Y 179 |7 111 | |
| 856 | 4 | |u http://is.stuba.sk/zp/portal_zp.pl?podrobnosti=169875 | |